|
|
|
|
| LEADER |
00000nam0a2200000 4500 |
| 001 |
273723 |
| 005 |
20231101234646.0 |
| 020 |
|
|
|a RU
|b 87-76101
|
| 035 |
|
|
|a (RuTPU)RU\TPU\book\296933
|
| 090 |
|
|
|a 273723
|
| 100 |
|
|
|a 20141028d1987 k y0rusy5003 ca
|
| 101 |
0 |
|
|a rus
|
| 102 |
|
|
|a RU
|
| 105 |
|
|
|a y z 001zy
|
| 200 |
1 |
|
|a Азиатское студенчество: социально-политический портрет
|f И. Е. Хоменко
|g Академия наук СССР (АН СССР), Институт востоковедения (ИВ)
|
| 210 |
|
|
|a Москва
|c Наука
|d 1987
|
| 215 |
|
|
|a 184 с.
|
| 320 |
|
|
|a Библиогр. в примеч.: с. 172-181
|
| 606 |
1 |
|
|a Высшее образование
|x В отдельных зарубежных странах
|2 stltpush
|3 (RuTPU)RU\TPU\subj\3995
|9 32315
|
| 610 |
1 |
|
|a студенчество
|
| 610 |
1 |
|
|a молодежное движение
|
| 610 |
1 |
|
|a студенческое движение
|
| 610 |
1 |
|
|a развивающиеся страны
|
| 610 |
1 |
|
|a Азия
|
| 610 |
1 |
|
|a 20 век
|
| 610 |
1 |
|
|a социальные исследования
|
| 610 |
1 |
|
|a студенты
|
| 686 |
|
|
|a Ч484(5)
|v LBC/SL-A
|2 rubbk
|
| 700 |
|
1 |
|a Хоменко
|b И. Е.
|4 070
|
| 712 |
0 |
2 |
|a Академия наук СССР (АН СССР)
|b Институт востоковедения (ИВ)
|c (Москва)
|2 stltpush
|3 (RuTPU)RU\TPU\col\11263
|
| 801 |
|
0 |
|a RU
|b RuMRKP
|c 19950417
|g psbo
|
| 801 |
|
1 |
|a RU
|b 63413507
|c 20141028
|
| 801 |
|
2 |
|a RU
|b 63413507
|c 20170116
|g RCR
|
| 942 |
|
|
|c BK
|